[Event "Muret op Seniors"]
[Site "Muret"]
[Date "2016.06.20"]
[Round "1"]
[White "Claverie, Bernard"]
[Black "Saunders, Mark A"]
[Result "0-1"]
[WhiteElo "1399"]
[BlackElo "1741"]
[PlyCount "72"]
[EventDate "2016.06.20"]
[EventType "swiss"]
[EventRounds "7"]
[EventCountry "FRA"]
[SourceTitle "EXT 2017"]
[Source "ChessBase"]
[SourceDate "2016.10.25"]
[SourceVersion "1"]
[SourceVersionDate "2016.10.25"]
[SourceQuality "1"]

1. d4 e6 2. e3 Nf6 3. Nf3 b6 4. Bc4 Bb7 5. Qe2 c5 6. Nc3 Be7 7. e4 cxd4 8. Nxd4 0-0 9. 0-0 Bb4 10. Bd2 Bxc3 11. Bxc3 Nxe4 12. f3 Nxc3 13. bxc3 Nc6 14. Rad1 Qf6 15. Nb5 d5 16. Bd3 Rfd8 17. a3 Rac8 18. c4 a6 19. cxd5 Rxd5 20. c4 Re5 21. Qc2 axb5 22. Bxh7+ Kh8 23. Rd7 Ba6 24. Rfd1 g6 25. Bxg6 Qxg6 26. Qc3 Qf6 27. R7d3 bxc4 28. Rd4 Nxd4 29. Qxd4 Re1+ 30. Rxe1 Qxd4+ 31. Kh1 c3 32. Rc1 c2 33. h3 Qe3 34. Kh2 Qxc1 35. a4 Qf4+ 36. Kg1 c1R+ 0-1